Microsoft office 2000
Giói thiệu cuộc hành trình vào thế giới công nghệ máy tính, làm việc với hệ điều hành Windows, bộ nhớ và hệ điều hành,... internet và office 2000.
Enregistré dans:
| Collectivité auteur: | |
|---|---|
| Format: | Livre |
| Langue: | Undetermined |
| Sujets: | |
| Tags: |
Ajouter un tag
Pas de tags, Soyez le premier à ajouter un tag!
|
| Thư viện lưu trữ: | Trung tâm Học liệu Trường Đại học Cần Thơ |
|---|
| LEADER | 00654nam a2200157Ia 4500 | ||
|---|---|---|---|
| 001 | CTU_226411 | ||
| 008 | 210402s9999 xx 000 0 und d | ||
| 082 | |a 005.3 | ||
| 082 | |b A655 | ||
| 110 | |a APTECH | ||
| 245 | 0 | |a Microsoft office 2000 | |
| 245 | 0 | |c APTECH | |
| 520 | |a Giói thiệu cuộc hành trình vào thế giới công nghệ máy tính, làm việc với hệ điều hành Windows, bộ nhớ và hệ điều hành,... internet và office 2000. | ||
| 650 | |a Phần mềm ứng dụng văn phòng,Microsoft Office | ||
| 910 | |b nthai | ||
| 980 | |a Trung tâm Học liệu Trường Đại học Cần Thơ | ||